Countries with the Most National Parks - Statistics

General Stats
  • This quiz has been taken 26 times
  • The average score is 19 of 32
Answer Stats
National Parks Country % Correct
47 Canada
95%
63 United States
95%
685 Australia
90%
112 Russia
90%
75 Brazil
85%
67 Mexico
85%
116 India
80%
34 Japan
80%
37 Argentina
75%
41 Chile
75%
56 Indonesia
75%
30 Sweden
75%
47 Norway
70%
60 Colombia
65%
40 Finland
65%
29 Malaysia
65%
156 Thailand
65%
93 Turkey
60%
36 Philippines
55%
46 Venezuela
55%
32 Vietnam
55%
29 Costa Rica
50%
29 Dominican Republic
50%
26 Pakistan
45%
29 Mongolia
35%
26 Sri Lanka
35%
48 Ukraine
30%
26 Madagascar
25%
28 Zambia
25%
40 Bahamas
20%
27 Cameroon
20%
49 Israel
15%
No matching quizzes found
Score Distribution
Percent of People with Each Score
Percentile by Number Answered
Your Score History
You have not taken this quiz